| 000 | 00450nam a22001577a 4500 | ||
|---|---|---|---|
| 005 | 20250329113333.0 | ||
| 008 | 250329b |||||||| |||| 00| 0 eng d | ||
| 020 | _a9780801021978 | ||
| 050 | _aBS476 KAI | ||
| 100 | _aKaiser Walter C. Jr. | ||
| 245 |
_aToward an Exegetical Theology: _bBiblical Exegesis for Preaching & Teaching |
||
| 260 |
_aMichigan _bBaker Books _c1981 |
||
| 300 |
_a268p. _bill. _c21 cm |
||
| 650 | _2Theology | ||
| 942 |
_2lcc _cBK _n0 |
||
| 999 |
_c5335 _d5335 |
||